Stolice i Państwa Europy - Statystyki

Ogólne statystyki
  • Ten quiz został rozwiązany 81 razy
  • Średni wynik to 24 z 45
Statystyki odpowiedzi
Kraj, stolica % Poprawnych
Polska, Warszawa
94%
Francja, Paryż
77%
Niemcy, Berlin
77%
Czechy, Praga
75%
Hiszpania, Madryt
75%
Rosja, Moskwa
75%
Norwegia, Oslo
71%
Andora, Andora
67%
Ukraina, Kijów
67%
Włochy, Rzym
67%
Austria, Wiedeń
63%
Wielka Brytania, Londyn
63%
Belgia, Bruksela
60%
Finlandia, Helsinki
60%
Szwecja, Sztokholm
58%
Białoruś, Mińsk
56%
Grecja, Ateny
56%
Irlandia, Dublin
56%
Litwa, Wilno
56%
San Marino, San Marino
56%
Watykan, Watykan
56%
Dania, Kopenhaga
54%
Holandia, Amsterdam
54%
Portugalia, Lizbona
52%
Słowacja, Bratysława
52%
Węgry, Budapeszt
50%
Luksemburg, Luksemburg
48%
Monako, Monako
48%
Szwajcaria, Berno
48%
Bułgaria, Sofia
46%
Chorwacja, Zagrzeb
46%
Albania, Tirana
44%
Łotwa, Ryga
44%
Malta, Valletta
44%
Rumunia, Bukareszt
44%
Estonia, Tallinn
40%
Liechtenstein, Vaduz
38%
Słowenia, Lublana
38%
Bośnia i Hercegowina, Sarajewo
35%
Czarnogóra, Podgorica
31%
Kosowo, Prisztina
29%
Macedonia Północna, Skopje
29%
Serbia, Belgrad
29%
Mołdawia, Kiszyniów
27%
Islandia, Reykjavík
25%
Nie znaleziono quizów pasujących do podanych kryteriów
Rozkład punktacji
Procent ludzi z każdym wynikiem
Percentyl według liczby udzielonych odpowiedzi
Twoja historia wyników
Nie rozwiązałeś tego quizu